| 000 | 00426nam a2200157Ia 4500 | ||
|---|---|---|---|
| 999 |
_c1013 _d1013 |
||
| 003 | OSt | ||
| 005 | 20210121112143.0 | ||
| 008 | 190216s9999||||xx |||||||||||||| ||und|| | ||
| 040 | _coclc | ||
| 082 |
_a612 _bBYK/T |
||
| 100 |
_aBykov, K M _98325 |
||
| 245 | 0 |
_aText Book Of Physiology / _cK M Bykov |
|
| 260 |
_bPeace Publications, _aMoscow: |
||
| 300 | _a755p | ||
| 942 |
_cBK _2ddc _h612 _iBYK/T _k612 _mBYK/T |
||